[Event "Chigorin Memorial"]
[Site "St Petersburg RUS"]
[Date "2012.11.04"]
[Round "9.111"]
[White "Dolgova, Olga"]
[Black "Kharchenko, Daniil"]
[Result "1-0"]
[WhiteTitle "WIM"]
[WhiteElo "2250"]
[BlackElo "2039"]
[WhiteFideId "4158296"]
[BlackFideId "24101664"]
[EventDate "2012.10.27"]

1. d4 d5 2. c4 c6 3. Nf3 Nf6 4. e3 a6 5. Qc2 dxc4 6. Bxc4 e6 7. O-O Be7 8. e4
Nbd7 9. a4 O-O 10. Nc3 Qc7 11. e5 Nd5 12. Ng5 g6 13. h4 Nxc3 14. bxc3 Nb6 15.
Bb3 c5 16. dxc5 Nd7 17. h5 Qxe5 18. f4 Qxc5+ 19. Kh1 Qf5 20. Qe2 Bxg5 21. fxg5
Qe5 22. Qf3 gxh5 23. Bf4 Qf5 24. Qxh5 Qg6 25. Qe2 e5 26. Be3 Kh8 27. Bc2 Qg7 28.
Rf3 Re8 29. Raf1 Re7 30. Be4 Rb8 31. Qa2 Qg8 32. Bd5 Nf8 33. Rxf7 Be6 34. Bxe6
Rxe6 35. Rxf8 Rxf8 36. Rxf8 1-0

[Event "Chigorin Memorial"]
[Site "St Petersburg RUS"]
[Date "2012.11.04"]
[Round "9.112"]
[White "Grinblat, Artemiy"]
[Black "Belenkaya, Dina"]
[Result "1/2-1/2"]
[BlackTitle "WFM"]
[WhiteElo "2043"]
[BlackElo "2189"]
[WhiteFideId "14135272"]
[BlackFideId "24142654"]
[EventDate "2012.10.27"]

1. e4 c6 2. d4 d5 3. e5 Bf5 4. Nf3 e6 5. Be2 Nd7 6. O-O h6 7. Nbd2 Ne7 8. Nb3 g5
9. Ne1 Qc7 10. Nd3 Bg7 11. f4 O-O-O 12. Ndc5 Nxc5 13. Nxc5 gxf4 14. Bxf4 Ng6 15.
Be3 Qe7 16. c3 b6 17. Ba6+ Kb8 18. Nb7 Rd7 19. Nd6 f6 20. Nxf5 exf5 21. Bd3 fxe5
22. Bxf5 Rd6 23. Bxg6 Rxg6 24. Qh5 Qe6 25. dxe5 Bxe5 26. Qxe5+ Qxe5 27. Bf4 Qxf4
28. Rxf4 Rhg8 29. g3 h5 30. Re1 R8g7 31. Kf2 Kc7 32. Re5 Rh7 33. Ref5 a5 34. Kf3
b5 35. a4 Kb6 36. axb5 Kxb5 37. Rh4 Kc5 38. Ra4 Kb5 39. Rh4 Kc5 40. Ra4 Kb6 41.
c4 Rd6 42. cxd5 cxd5 43. Rh4 d4 44. Ke2 d3+ 45. Kd1 Rc7 46. Rhf4 Rc2 1/2-1/2

[Event "Chigorin Memorial"]
[Site "St Petersburg RUS"]
[Date "2012.11.04"]
[Round "9.113"]
[White "Khanin, Semen"]
[Black "Belov, Nikita"]
[Result "1/2-1/2"]
[WhiteElo "2181"]
[BlackElo "2034"]
[WhiteFideId "4111990"]
[BlackFideId "24167177"]
[EventDate "2012.10.27"]

1. e4 e6 2. d4 d5 3. Nc3 Bb4 4. e5 c5 5. a3 Bxc3+ 6. bxc3 Ne7 7. Qg4 Nf5 8. Bd3
h5 9. Qf4 cxd4 10. cxd4 Qh4 11. Qxh4 Nxh4 12. Bg5 Nf5 13. Nf3 Nc6 14. c3 Bd7 15.
Ke2 Rc8 16. h3 Na5 17. g4 Ne7 18. Bd2 Nc4 19. Rag1 Nb2 20. Ne1 Nxd3 21. Nxd3 Bb5
22. Rb1 a6 23. Ra1 f6 24. exf6 gxf6 25. a4 Bc4 26. Ke3 Kf7 27. a5 Nc6 28. f4
Rce8 29. Nb4 Reg8 30. Kf3 hxg4+ 31. hxg4 Rxh1 32. Rxh1 Nxa5 33. Rh7+ Kf8 34. g5
fxg5 35. fxg5 Nb3 36. Bf4 a5 37. Nc2 Bd3 38. Rh2 Kf7 39. Na3 Rc8 40. c4 Rxc4 41.
Nxc4 dxc4 42. Ke3 a4 43. Bd6 Na5 44. Kd2 Nc6 45. Kc3 Na7 46. Rb2 Be4 47. Bc5 Nc8
48. Kxc4 Bd5+ 49. Kb4 b6 50. Rf2+ Kg6 51. Bf8 Kxg5 52. Rf7 a3 53. Kxa3 Bc4 54.
Kb4 Ba6 55. Kc3 Kg6 56. Rd7 Kf5 57. Ba3 Ke4 58. Rc7 Kd5 59. Rh7 Kc6 60. Rh6 Kd5
61. Rh5+ Kc6 62. Re5 Kd7 1/2-1/2

[Event "Chigorin Memorial"]
[Site "St Petersburg RUS"]
[Date "2012.11.04"]
[Round "9.114"]
[White "Kalinin, Nikita"]
[Black "Voronenkov, Sergey"]
[Result "1-0"]
[WhiteElo "2153"]
[BlackElo "2020"]
[WhiteFideId "24155390"]
[BlackFideId "24129674"]
[EventDate "2012.10.27"]

1. e4 c5 2. Nf3 d6 3. d4 cxd4 4. Nxd4 Nf6 5. Nc3 a6 6. Be2 e5 7. Nb3 Be6 8. O-O
Nc6 9. Be3 Be7 10. Qd3 Qc7 11. a3 O-O 12. Nd5 Bxd5 13. exd5 Na5 14. Nxa5 Qxa5
15. c4 Nd7 16. b4 Qc7 17. Rac1 b6 18. Rfd1 f5 19. f3 Rf6 20. Bg5 Rf7 21. Bxe7
Rxe7 22. Qxf5 Rf8 23. Qc2 a5 24. Bd3 g6 25. Qe2 Rf4 26. g3 Rff7 27. Kg2 Kg7 28.
Bc2 Rf6 29. Ba4 Ref7 30. Rd3 axb4 31. axb4 Nb8 32. Bb5 Qa7 33. Qb2 Kh6 34. Ra1
Qe7 35. Rda3 e4 36. f4 g5 37. Ra7 Qf8 38. Rxf7 Rxf7 39. fxg5+ Kxg5 40. Qe2 Qg7
41. Qe3+ 1-0

[Event "Chigorin Memorial"]
[Site "St Petersburg RUS"]
[Date "2012.11.04"]
[Round "9.116"]
[White "Napalkov, Vladimir"]
[Black "Dushin, Nikolay"]
[Result "1-0"]
[WhiteElo "2150"]
[BlackElo "2018"]
[WhiteFideId "4149424"]
[BlackFideId "4114612"]
[EventDate "2012.10.27"]

1. d4 e6 2. c4 Bb4+ 3. Bd2 a5 4. a3 Bxd2+ 5. Qxd2 Nf6 6. Nc3 d5 7. e3 O-O 8.
cxd5 exd5 9. Bd3 Nc6 10. Nge2 Bd7 11. O-O a4 12. Qc2 Ne7 13. Rac1 g6 14. Nf4 Ra5
15. Qe2 c6 16. Bc2 b5 17. Nd3 Nf5 18. Nc5 Ra7 19. Bxf5 Bxf5 20. Na2 Qd6 21. h3
h5 22. Nb4 Rc8 23. Rc3 Nd7 24. Nxd7 Bxd7 25. Rfc1 Kg7 26. Rc5 Qe6 27. Qc2 Raa8
28. Nxc6 Bxc6 29. Rxc6 Rxc6 30. Qxc6 Rb8 31. Rc5 Qxc6 32. Rxc6 b4 33. Ra6 bxa3
34. bxa3 Rb1+ 35. Kh2 h4 36. g3 Rb3 37. Rxa4 Kf6 38. gxh4 Kf5 39. Ra7 f6 40. Ra6
Rb2 41. Kg3 Ra2 42. Kf3 Ra1 43. Rd6 Rxa3 44. Rxd5+ Ke6 45. Rb5 Ra1 46. h5 gxh5
47. Rxh5 Rh1 48. h4 Rf1 49. Ra5 Rh1 50. h5 Rh2 51. e4 Rh3+ 52. Kf4 Rh4+ 53. Ke3
Rh3+ 54. f3 Rh1 55. Ra6+ Kf7 56. h6 Rh4 57. Ra7+ Ke6 58. h7 Rh3 59. Kf4 Rh4+ 60.
Kg3 Rh1 1-0

[Event "Chigorin Memorial"]
[Site "St Petersburg RUS"]
[Date "2012.11.04"]
[Round "9.118"]
[White "Velieva, Hurma"]
[Black "Ivanov, Rostislav"]
[Result "1-0"]
[BlackTitle "FM"]
[WhiteElo "1966"]
[BlackElo "2146"]
[WhiteFideId "14002272"]
[BlackFideId "4160495"]
[EventDate "2012.10.27"]

1. e4 c5 2. Nf3 d6 3. d4 cxd4 4. Nxd4 Nf6 5. Nc3 a6 6. Be2 e5 7. Nb3 Be7 8. O-O
Nbd7 9. Be3 O-O 10. a4 b6 11. f3 Qc7 12. Qe1 Bb7 13. Rd1 Bc6 14. Qf2 Rfb8 15.
Bd3 h6 16. Qe2 Bb7 17. Nd2 d5 18. exd5 Nxd5 19. Nxd5 Bxd5 20. Ne4 Bb7 21. Ng3
Nc5 22. Nf5 Bf8 23. Qf2 Nxd3 24. Rxd3 Bc8 25. Ng3 Be6 26. Rfd1 b5 27. axb5 axb5
28. f4 Rb7 29. fxe5 Qxe5 30. Bd4 Qc7 31. Nh5 Bg4 32. Nf6+ gxf6 33. Qxf6 Kh7 34.
Rf1 Qd6 35. Qh8+ Kg6 36. Rf6+ 1-0

[Event "Chigorin Memorial"]
[Site "St Petersburg RUS"]
[Date "2012.11.04"]
[Round "9.119"]
[White "Lutovinov, Alexander"]
[Black "Lauda, Alexandr"]
[Result "1-0"]
[WhiteElo "2145"]
[BlackElo "1991"]
[WhiteFideId "34114758"]
[BlackFideId "13903179"]
[EventDate "2012.10.27"]

1. d4 Nf6 2. Nc3 d5 3. Bg5 Bf5 4. Bxf6 exf6 5. e3 c6 6. Bd3 Bg6 7. h4 Bb4 8. h5
Be4 9. Qg4 Bxc3+ 10. bxc3 Qa5 11. Ne2 Bxd3 12. Qxg7 Rf8 13. cxd3 Nd7 14. Qxh7
O-O-O 15. Qf5 Kb8 16. h6 Qa3 17. f3 c5 18. Kf2 cxd4 19. cxd4 Ka8 20. h7 Rh8 21.
Rac1 Nb6 22. Qxf6 Rde8 23. Qxf7 Qxd3 24. Rc3 Qb5 25. Rc7 Nc4 26. e4 Ne3 27. Kxe3
dxe4 28. fxe4 Rxe4+ 29. Kxe4 Qxe2+ 30. Kf5 Qf2+ 31. Kg6 Qxg2+ 32. Kf6 Rb8 33.
h8=Q Qf3+ 34. Ke7 Qa3+ 35. Rc5 1-0

[Event "Chigorin Memorial"]
[Site "St Petersburg RUS"]
[Date "2012.11.04"]
[Round "9.120"]
[White "Pogosian, Vladimir"]
[Black "Doronkin, Grigory"]
[Result "1/2-1/2"]
[WhiteElo "2143"]
[BlackElo "1942"]
[WhiteFideId "13301586"]
[BlackFideId "24164305"]
[EventDate "2012.10.27"]

1. f4 Nf6 2. Nf3 d5 3. g3 c6 4. Bg2 Bf5 5. d3 e6 6. Be3 Be7 7. c3 O-O 8. h3 Nbd7
9. O-O Bc5 10. d4 Be7 11. Nbd2 Ne4 12. Kh2 Nd6 13. Ne5 Nf6 14. g4 Be4 15. g5
Nfe8 16. Nxe4 dxe4 17. Ng4 Qa5 18. Qc2 Qd5 19. b3 f5 20. Ne5 Nf7 21. c4 Qd8 22.
Rfd1 Nc7 23. Bc1 Nxe5 24. dxe5 Qe8 25. Bb2 Rd8 26. a3 Rxd1 27. Rxd1 Qc8 28. Rd6
c5 29. b4 Bxd6 30. exd6 Na8 31. Qc3 Rf7 32. e3 Nb6 33. Bf1 Na4 34. Qc2 Nxb2 35.
Qxb2 b6 36. Qe5 Rf8 37. h4 Qd7 38. h5 h6 39. bxc5 bxc5 40. gxh6 gxh6 41. Qxc5
Rd8 42. Qe5 Qxd6 43. Qf6 Rd7 44. c5 Qe7 45. Qg6+ Kh8 46. Qxh6+ Kg8 47. Qg6+ Kh8
48. Qh6+ Kg8 49. Qg6+ Kh8 50. Qh6+ 1/2-1/2

[Event "Chigorin Memorial"]
[Site "St Petersburg RUS"]
[Date "2012.11.04"]
[Round "9.122"]
[White "Sladkov, Andrey"]
[Black "Kostrikina, Anna"]
[Result "0-1"]
[BlackTitle "WFM"]
[WhiteElo "1876"]
[BlackElo "2138"]
[WhiteFideId "24160350"]
[BlackFideId "4176219"]
[EventDate "2012.10.27"]

1. e4 c5 2. Nc3 Nc6 3. g3 g6 4. Bg2 Bg7 5. d3 d6 6. f4 Rb8 7. Nf3 b5 8. Rb1 b4
9. Nd5 Be6 10. O-O Nh6 11. Bd2 O-O 12. Nh4 Bg4 13. Qc1 Nd4 14. Kh1 Bd7 15. h3 f5
16. Re1 e6 17. Ne3 Nf7 18. Nc4 Bc6 19. c3 bxc3 20. bxc3 Nb5 21. exf5 Bxg2+ 22.
Kxg2 exf5 23. Nf3 Nc7 24. Qa3 Nb5 25. Qc1 Nc7 26. Qa3 Nb5 27. Qc1 Bf6 28. a4 Nc7
29. Rxb8 Qxb8 30. Qb1 Nd5 31. Qxb8 Rxb8 32. d4 Kf8 33. Re6 Be7 34. dxc5 dxc5 35.
Nfe5 Nxe5 36. Rxe5 Nf6 37. Be3 Ne4 38. Kf3 Rb3 39. Na5 Rxc3 40. Nc6 Bd6 41. Rd5
c4 42. g4 Bc5 43. Nd4 Bb6 44. gxf5 Nf6 45. Rd6 Ne8 46. Rd7 gxf5 47. Nxf5 Nf6 48.
Rd6 Kf7 49. Ke2 Ne4 50. Rd5 Ra3 51. Bxb6 Nc3+ 52. Kd2 Nxd5 53. Bxa7 Rxa4 54. Bb8
Ra2+ 55. Kc1 c3 56. Be5 Rh2 57. Nd6+ Kf8 58. Ne4 Rxh3 59. Kc2 Rh2+ 60. Kc1 c2 0-1

[Event "Chigorin Memorial"]
[Site "St Petersburg RUS"]
[Date "2012.11.04"]
[Round "9.124"]
[White "Fedorov, Viktor"]
[Black "Ustich, Ekaterina"]
[Result "1-0"]
[WhiteElo "2118"]
[BlackElo "1857"]
[WhiteFideId "24195430"]
[BlackFideId "24179221"]
[EventDate "2012.10.27"]

1. Nf3 Nf6 2. c4 e6 3. g3 b6 4. Bg2 Bb7 5. O-O g6 6. Nc3 Bg7 7. d4 Ne4 8. Bd2
Nxd2 9. Qxd2 O-O 10. Rad1 d6 11. Qc2 Qe7 12. Qb3 Nc6 13. Qa3 Na5 14. b3 Rfe8 15.
Qc1 Rad8 16. e4 c5 17. d5 Qf6 18. Rd3 exd5 19. exd5 Bc8 20. Nh4 g5 21. Ne4 Rxe4
22. Bxe4 gxh4 23. Rf3 Qh6 24. Qc2 Be5 25. Bf5 Bxf5 26. Qxf5 Qg6 27. Qh3 hxg3 28.
hxg3 Kg7 29. Re1 h5 30. Rf5 Rh8 31. Re4 Bd4 32. Kg2 Bf6 33. Ref4 Be5 34. Rxf7+
Qxf7 35. Rxf7+ Kxf7 36. Qd7+ Kg6 37. f4 Bf6 38. Kf3 h4 39. g4 h3 40. Qf5+ Kg7
41. g5 h2 42. Qxf6+ Kg8 43. Qg6+ Kf8 44. Qxd6+ Kg7 45. Qf6+ Kg8 46. Qxh8+ Kxh8
47. Kg2 Nb7 48. Kxh2 Kg7 49. f5 Nd6 50. Kg3 Nxf5+ 51. Kf4 Kg6 52. Ke5 Kxg5 53.
d6 Nd4 54. d7 Nc6+ 55. Kd6 Nd8 56. Kc7 Ne6+ 57. Kc8 Kf5 58. d8=Q Nxd8 59. Kxd8
Ke5 60. Kc7 Kd4 61. Kb7 b5 62. cxb5 c4 63. bxc4 Kxc4 64. a4 1-0

[Event "Chigorin Memorial"]
[Site "St Petersburg RUS"]
[Date "2012.11.04"]
[Round "9.126"]
[White "Bondarenko, Dmitry"]
[Black "Shaydullina, Sandugach"]
[Result "0-1"]
[BlackTitle "WGM"]
[WhiteElo "1971"]
[BlackElo "2162"]
[WhiteFideId "34105708"]
[BlackFideId "4140389"]
[EventDate "2012.10.27"]

1. d4 d5 2. Nf3 Nf6 3. e3 c5 4. Be2 Nc6 5. O-O g6 6. b3 Bg7 7. Bb2 O-O 8. Nbd2
Nd7 9. c4 dxc4 10. Nxc4 b5 11. Nce5 Ncxe5 12. Nxe5 Nxe5 13. dxe5 Qb6 14. Qd3 Rb8
15. Qc2 Bb7 16. Rac1 Rbc8 17. Bg4 e6 18. Rfd1 Rfd8 19. Qe2 b4 20. Rxd8+ Rxd8 21.
Qc2 Bf8 22. Be2 Qa5 23. Re1 Qxa2 24. Ra1 Be4 25. Qc1 Qxb3 26. Rxa7 Qc2 27. Qxc2
Bxc2 28. Bc1 Bd3 29. Bd1 c4 30. f3 b3 31. Kf2 Bb4 32. Rb7 Bc3 33. f4 Be4 34. Rc7
b2 35. Bxb2 Rd2+ 36. Be2 Bxb2 37. Rxc4 Bd3 38. Rc8+ Kg7 39. Rd8 Rxe2+ 40. Kf3
Rd2 0-1

[Event "Chigorin Memorial"]
[Site "St Petersburg RUS"]
[Date "2012.11.04"]
[Round "9.127"]
[White "Basencyan, Mark"]
[Black "Kondratiev, Denis"]
[Result "1-0"]
[WhiteElo "2139"]
[BlackElo "1972"]
[WhiteFideId "13300725"]
[BlackFideId "4181220"]
[EventDate "2012.10.27"]

1. d4 d5 2. c4 c6 3. cxd5 cxd5 4. Nc3 Nf6 5. Nf3 Nc6 6. Bf4 Bf5 7. e3 e6 8. Bb5
Nd7 9. O-O Be7 10. Rc1 g5 11. Be5 f6 12. Bg3 h5 13. h4 g4 14. Ne1 Rc8 15. Bd3
Bxd3 16. Nxd3 a6 17. e4 Nxd4 18. Nf4 e5 19. Nfxd5 Bc5 20. Ne2 Nb6 21. Nxd4 Bxd4
22. Rxc8 Nxc8 23. Qa4+ b5 24. Qxa6 Nd6 25. Qc6+ Kf8 26. Nc7 Ke7 27. Rc1 f5 28.
exf5 Nxf5 29. Qe6+ 1-0

[Event "Chigorin Memorial"]
[Site "St Petersburg RUS"]
[Date "2012.11.04"]
[Round "9.128"]
[White "Tkachev, Ivan"]
[Black "Frolov, Lev"]
[Result "1/2-1/2"]
[WhiteElo "2128"]
[BlackElo "1970"]
[WhiteFideId "4186885"]
[BlackFideId "4187571"]
[EventDate "2012.10.27"]

1. d4 d5 2. c4 c6 3. Nf3 Nf6 4. e3 e6 5. b3 Nbd7 6. Nbd2 Bd6 7. Bd3 O-O 8. Bb2
b6 9. O-O Bb7 10. Qc2 Rc8 11. Ne5 c5 12. Nxd7 Qxd7 13. dxc5 Rxc5 14. f4 dxc4 15.
bxc4 Rh5 16. Bxf6 gxf6 17. Be4 Bc5 18. Rf3 f5 19. Bxb7 Qxb7 20. Nb3 Be7 21. Rg3+
Kh8 22. Rd1 Qc7 23. Qc3+ f6 24. Qd3 Rd8 25. Qe2 Rxd1+ 26. Qxd1 Rh6 27. Nd4 Qxc4
28. Qf3 Qc1+ 29. Qf1 Qxf1+ 30. Kxf1 Rxh2 31. Kg1 Rh4 32. Nxe6 Rg4 33. Kf2 Bc5
34. Rh3 Bb4 35. Rh5 Kg8 36. Rxf5 Kf7 37. Nd8+ Kg6 38. Rd5 a5 39. Nc6 Bc5 40. g3
Kf7 41. Nxa5 Rg8 42. Nb3 Ra8 43. Rd2 Ke6 44. Kf3 h5 45. Rh2 f5 46. e4 fxe4+ 47.
Kxe4 Ra4+ 48. Kf3 Be7 49. Rxh5 Rxa2 50. g4 Ra3 51. Rb5 Bc5 52. Ke2 Ra2+ 53. Nd2
Kd5 54. g5 Ke6 55. Kd3 Kf5 56. Nb3 1/2-1/2

[Event "Chigorin Memorial"]
[Site "St Petersburg RUS"]
[Date "2012.11.04"]
[Round "9.129"]
[White "Puzko, Danila"]
[Black "Pershina, Elena"]
[Result "1/2-1/2"]
[BlackTitle "WFM"]
[WhiteElo "1957"]
[BlackElo "2122"]
[WhiteFideId "24153745"]
[BlackFideId "24147516"]
[EventDate "2012.10.27"]

1. e4 c5 2. c3 g6 3. d4 cxd4 4. cxd4 Bg7 5. Nf3 d6 6. Nc3 Nf6 7. Bc4 O-O 8. O-O
Nc6 9. h3 h6 10. Be3 Kh7 11. Qd2 Nxe4 12. Nxe4 d5 13. Neg5+ hxg5 14. Nxg5+ Kg8
15. Bb3 Bf5 16. g4 Bc8 17. f4 f6 18. Nf3 Kf7 19. Bc2 Rh8 20. Kg2 f5 21. Ne5+
Bxe5 22. fxe5 e6 23. Rf3 Bd7 24. Rg3 Qb6 25. Rg1 Rag8 26. Kh2 f4 27. Rf3 g5 28.
Bf2 Qb4 29. Qxb4 Nxb4 30. Bb1 Nc6 31. Kg2 Ke7 32. Rh1 Be8 33. h4 Kd7 34. hxg5
Rxh1 35. Kxh1 Rxg5 36. Rxf4 Rg7 37. Kg2 Ne7 38. Kg3 Ng6 39. Rf6 Ne7 40. Bd3 a6
41. Be3 Bh5 42. g5 Bf7 43. Kh4 Ng6+ 44. Kg4 Ne7 45. Rf2 Nc6 46. Rh2 Ne7 47. Rh7
Rxh7 48. Bxh7 Kc6 49. g6 Bxg6 50. Bxg6 Nxg6 51. Kg5 Ne7 52. Kf6 1/2-1/2

[Event "Chigorin Memorial"]
[Site "St Petersburg RUS"]
[Date "2012.11.04"]
[Round "9.130"]
[White "Skvortsov, Alexander"]
[Black "Mitiushkin, Marat"]
[Result "1/2-1/2"]
[WhiteElo "2110"]
[BlackElo "1953"]
[WhiteFideId "24170038"]
[BlackFideId "4141849"]
[EventDate "2012.10.27"]

1. e4 Nc6 2. Nf3 d5 3. exd5 Qxd5 4. Nc3 Qd8 5. Bc4 Nf6 6. h3 e6 7. d4 Be7 8. O-O
O-O 9. Bf4 a6 10. Qd2 b5 11. Bd3 Nb4 12. Be2 Nbd5 13. Bg3 Nxc3 14. Qxc3 Ne4 15.
Qxc7 Nxg3 16. Qxg3 Bd6 17. Qg5 Qc7 18. c3 Bb7 19. Qd2 Rfd8 20. a4 Bc6 21. axb5
axb5 22. Qc2 Qb7 23. b3 Be7 24. Ra2 Bf6 25. Rxa8 Qxa8 26. b4 g6 27. Qb2 Qb7 28.
Ra1 Ra8 29. Ra3 Kg7 30. Qa1 Rxa3 31. Qxa3 h5 32. Qa5 g5 33. Ne1 g4 34. hxg4 hxg4
35. Bxg4 e5 36. dxe5 Bxe5 37. c4 Bc3 38. c5 Qe7 39. Nf3 Bxf3 40. gxf3 Qe1+ 41.
Kg2 Bd4 42. Qa2 Qxb4 43. c6 Qc5 44. Bd7 Qg5+ 45. Kf1 Be5 46. Ke2 Qf4 47. Qd5
Qc4+ 48. Qd3 Kf6 49. Kd2 Qxd3+ 50. Kxd3 Ke7 51. Ke4 Bd6 52. Kd5 b4 53. Kc4 b3
54. Kxb3 Bc5 55. Bf5 Kd6 56. Be4 f6 57. Kc4 Bxf2 58. Kb5 Bd4 59. Ka6 Kc7 60. Kb5
Kd6 61. Kc4 Ba1 62. Kd3 Kc7 63. Ke3 Kd6 64. Kf4 Be5+ 65. Kf5 Bb2 66. Kg6 Bc3 67.
Kf7 Bd4 68. Ke8 Kc7 69. Bd5 Be5 70. Ke7 Ba1 71. f4 Bb2 72. Ke6 Bc3 73. Ke7 Bd4
74. Ke6 Ba1 75. Ke7 Bb2 76. Ke6 1/2-1/2

[Event "Chigorin Memorial"]
[Site "St Petersburg RUS"]
[Date "2012.11.04"]
[Round "9.131"]
[White "Boytsov, Alexander"]
[Black "Baglaev, Evgeniy"]
[Result "1/2-1/2"]
[WhiteElo "1945"]
[BlackElo "2099"]
[WhiteFideId "24177113"]
[BlackFideId "4195612"]
[EventDate "2012.10.27"]

1. e4 e6 2. d4 d5 3. exd5 exd5 4. Nf3 Bd6 5. Bd3 Qe7+ 6. Qe2 Qxe2+ 7. Kxe2 Bg4
8. Re1 Ne7 9. h3 Bh5 10. Nd2 Nbc6 11. c3 f6 12. Kf1 Bg6 13. Bxg6+ hxg6 14. b3
Kf7 15. Bb2 Bf4 16. Re2 g5 17. Ng1 Ng6 18. g3 Bd6 19. Kg2 Nge7 20. c4 Bb4 21.
Ngf3 Bxd2 22. Rxd2 Rad8 23. Bc3 Nf5 24. Rc1 Rhe8 25. c5 Re4 26. b4 a6 27. Rcd1
Rde8 28. a3 Kf8 29. Kf1 R8e7 30. Ne1 Re8 31. Nc2 b6 32. Re1 Rxe1+ 33. Nxe1 Kf7
34. Nc2 b5 35. Re2 Ra8 36. Re1 a5 37. Ra1 Ke6 38. Re1+ Kd7 39. Ra1 Ra7 40. Kg2
Ra8 41. Kf1 Kd8 42. Kg2 Ke7 43. f3 Kf7 44. Kf2 Kf8 45. Kg2 Nfe7 46. Kf2 Kf7 47.
Kg2 Ng6 48. Rb1 axb4 49. axb4 Ra2 50. Rb2 Ra4 51. Rb3 f5 52. Na3 Na7 53. Bd2 f4
54. g4 Nh4+ 55. Kf2 Ra6 56. Rd3 Ng6 57. Bc1 Ne7 58. Rb3 Nec6 59. Nc2 Nd8 60. Ra3
Ra4 61. Ke2 Ndc6 62. Kd2 Ne7 63. Kc3 Ng6 64. Kb3 Rxa3+ 65. Bxa3 Nc6 66. Bb2 Nh4
67. Ne1 Nd8 68. Bc3 Ne6 69. Kc2 Nd8 70. Kd2 Nc6 71. Ke2 Ke7 72. Kf2 Ng6 73. Nc2
Nf8 74. Ke2 Nd7 75. Kf2 Kf7 76. Ke2 Nf6 77. Kf2 Ne7 78. Ne1 Ke6 79. Nd3 Nc6 80.
Ne1 Nd8 81. Nd3 Nc6 82. Ne1 Ng8 83. Nd3 Nf6 84. Ne1 Nh7 85. Nc2 Nf8 86. Na3 Na7
87. Ke2 Nd7 88. Kd3 Nf8 89. Ke2 Nh7 90. Kd3 Nf6 91. Nc2 Nc6 92. Na3 Na7 93. Nc2
c6 94. Ne1 Nh7 95. Ng2 Nf8 96. h4 gxh4 97. Nxf4+ Kf6 98. Bd2 g5 99. Nh3 Ne6 100.
Be1 Nc8 101. f4 gxf4 102. Bxh4+ Kg6 103. Kc3 Kg7 104. Nf2 Kg6 105. Kd3 Kf7 106.
Nh3 Kg6 107. Kc3 Kh6 108. Bf6 Kg6 109. Bh4 Kh6 110. Bf6 Kg6 111. Bh4 Kh6 112.
Bf6 Kg6 113. Bh4 1/2-1/2

[Event "Chigorin Memorial"]
[Site "St Petersburg RUS"]
[Date "2012.11.04"]
[Round "9.133"]
[White "Gogolev, Artem"]
[Black "Schekachikhin, Maksim"]
[Result "1-0"]
[WhiteElo "2090"]
[BlackElo "1921"]
[WhiteFideId "4116615"]
[BlackFideId "24177830"]
[EventDate "2012.10.27"]

1. d4 Nf6 2. Nf3 e6 3. Bg5 h6 4. Bxf6 Qxf6 5. e4 d5 6. e5 Qd8 7. a3 c5 8. c3 Qb6
9. b4 c4 10. a4 Be7 11. g3 Nd7 12. Bg2 O-O 13. O-O f6 14. exf6 Bxf6 15. Re1 Re8
16. Ra2 Nf8 17. Ne5 Bxe5 18. Rxe5 Bd7 19. Nd2 Ng6 20. Re1 Qc7 21. Nf3 Rf8 22.
Rae2 Qc6 23. h4 Rf6 24. h5 Nf8 25. Ra2 Be8 26. Nh2 Nh7 27. f4 Nf8 28. Kh1 Nh7
29. Bf3 Kh8 30. Qe2 Qa6 31. Kg2 Nf8 32. Qe3 Bxa4 33. Ng4 Rf5 34. Ne5 Rxe5 35.
Qxe5 Qc6 36. f5 Bb3 37. Rf2 exf5 38. Bxd5 1-0

[Event "Chigorin Memorial"]
[Site "St Petersburg RUS"]
[Date "2012.11.04"]
[Round "9.134"]
[White "Mamedov, Elmin"]
[Black "Aleksandrov, Grigoriy"]
[Result "1-0"]
[WhiteElo "2088"]
[BlackElo "1871"]
[WhiteFideId "24117331"]
[BlackFideId "24199656"]
[EventDate "2012.10.27"]

1. e4 c5 2. Nf3 d6 3. d3 Nf6 4. g3 Nc6 5. Bg2 e5 6. O-O Be7 7. c3 O-O 8. Re1 b5
9. d4 Bb7 10. d5 Nb8 11. Na3 a6 12. Nc2 Nbd7 13. Nh4 g6 14. Bh3 Nb6 15. Ng2 Ne8
16. f4 Bf6 17. f5 Ng7 18. Nce3 h5 19. Rf1 g5 20. Ne1 Be7 21. f6 Bxf6 22. Qf3 Be7
23. Nf5 Bc8 24. Nxe7+ Qxe7 25. Bxc8 Raxc8 26. Qf6 Qxf6 27. Rxf6 Ne8 28. Rh6 f6
29. Rxh5 Kg7 30. Ng2 Kg6 31. g4 Ng7 32. Rh3 Rh8 33. Rf3 Rh7 34. h3 Nd7 35. b3
Rch8 36. Kh2 Ne8 37. Ne3 Ng7 38. Bd2 Kf7 39. a4 Ke7 40. axb5 axb5 41. Ra5 Rb8
42. Nc2 Ne8 43. Ne3 Ng7 44. Nf1 Rhh8 45. Ng3 Rb7 46. Rf1 Rhb8 47. Ne2 Nf8 48.
Ng1 Ng6 49. Nf3 Nf8 50. h4 gxh4 51. Nxh4 Nh7 52. Bh6 Ne8 53. Nf5+ Kf7 54. Be3 b4
55. c4 Kg6 56. Ra6 Rb6 57. Ra2 R8b7 58. Kg3 Ng7 59. Nh4+ Kf7 60. g5 Kg8 61. g6
Nf8 62. Kg4 Nd7 63. Nf5 Nxf5 64. Kxf5 Nf8 65. Bh6 Nd7 66. Ra8+ 1-0

[Event "Chigorin Memorial"]
[Site "St Petersburg RUS"]
[Date "2012.11.04"]
[Round "9.135"]
[White "Ivanov, Sergei V."]
[Black "Mikhaylov, Dimitri"]
[Result "0-1"]
[WhiteElo "2060"]
[BlackElo "1854"]
[WhiteFideId "24170003"]
[BlackFideId "13901273"]
[EventDate "2012.10.27"]

1. f4 b5 2. e4 Bb7 3. d3 c5 4. Nf3 e6 5. g3 Nf6 6. Bg2 d5 7. e5 Nfd7 8. O-O Nc6
9. Be3 Be7 10. c3 O-O 11. Nbd2 b4 12. c4 Nb6 13. Qc2 dxc4 14. dxc4 Qc7 15. Rac1
Rac8 16. b3 Rfd8 17. Ne4 Nd4 18. Bxd4 cxd4 19. Ne1 Nd7 20. Nd3 Qb6 21. c5 Nxc5
22. Nexc5 Bxg2 23. Qxg2 Bxc5 24. Rc4 Bf8 25. Rfc1 Rxc4 26. Rxc4 a5 27. Qc6 Qxc6
28. Rxc6 Rd5 29. Kf2 h6 30. Kf3 g5 31. Ke4 f5+ 32. Kf3 Kf7 33. Rc7+ Kg6 34. Rc8
Be7 35. Ke2 g4 36. Nb2 Rc5 37. Rxc5 Bxc5 38. Kd3 h5 39. Kc4 Bb6 40. Kb5 Bd8 41.
Kc6 Kf7 42. Kc5 h4 43. Nc4 d3 44. Nd2 h3 45. Kd4 Bh4 46. Kxd3 Bxg3 0-1

[Event "Chigorin Memorial"]
[Site "St Petersburg RUS"]
[Date "2012.11.04"]
[Round "9.137"]
[White "Chernyak, Viktoria"]
[Black "Azimova, Karina"]
[Result "1/2-1/2"]
[WhiteElo "1939"]
[BlackElo "2044"]
[WhiteFideId "24165956"]
[BlackFideId "4108310"]
[EventDate "2012.10.27"]

1. e4 e5 2. Nf3 d6 3. d4 exd4 4. Nxd4 Nf6 5. Nc3 Be7 6. Be2 O-O 7. O-O Re8 8. f4
Bf8 9. Bf3 Nbd7 10. Nf5 Nc5 11. Ng3 c6 12. Kh1 Qc7 13. Be3 Be6 14. b3 Rad8 15.
Qe2 Bc8 16. Rad1 b5 17. b4 Ncd7 18. Qf2 Nb6 19. Bxb6 axb6 20. a3 Be6 21. Be2 Bc4
22. Bxc4 bxc4 23. Rd4 d5 24. exd5 cxd5 25. h3 Qc6 26. Rfd1 Ra8 27. Nxd5 Nxd5 28.
Rxd5 Rxa3 29. Nf5 g6 30. Nd6 Bxd6 31. Rxd6 Qe4 32. Kh2 Ra2 33. Rd8 Rxd8 34.
Rxd8+ Kg7 35. Qd4+ Qxd4 36. Rxd4 Rxc2 37. Rd6 Rb2 38. Rxb6 c3 39. b5 c2 40. Rc6
Rxb5 41. Rxc2 1/2-1/2